000 00756nam a22001817a 4500
999 _c371754
_d371754
008 201127b ||||| |||| 00| 0 eng d
040 _aDE-2950
_bger
_cDE-2950
_erda
041 _ager
245 _aFrankfurt am Tabellenende - Ursachen und Ausweg.
_bWirtschaft. Die industrielle Wertschöpfung in der Oderstadt ist gering, das Pro-Kopf-Einkommen ebenso. Experten gehen in Interviews den Gründen nach/ .
_cHeinz Kannenberg
264 _c2022
653 _aFrankfurt (Oder)
653 _aWirtschaft
773 _dFrankfurt (Oder) Märkisches Verlags- und Druckhaus GmbH & Co KG
_tMärkische Oderzeitung
_g33. Jahrgang (2022) Nr. 164 vom 16./17.07.2022, S. 15 : Foto
942 _cA